00908nam a2200169Ia 4500082001600000245003400016260004800050300000800098500043800106504002500544650004900569650002000618650001900638650003500657700002400692700002200716 aRR 320 HAN; 0aHandbook of political science aCaliforniabAddison-Wesley Publishingc1975 a8v. aContents: Vol.1.Political science: scope and theory(414p.)(0-201-02601-5) - v.2.Micropolitical theory(389p.)(0-201-02602-3) v.3.Macropolitical theory(648p.)(0-201-02603-1)- v.5.Governmental institutions and process(459p.)(0-201-02605-8)- v.6.Policies and politicy making(xviii, 494p.)(0-201-02606-6) - v.7.Cumulative index(91p.)(0-201-02609-0) - v.7.Strategies o inquiry(458p.)(0-201-02607-4) - v.8.International politics(xvi, 450p.) aIncludes index; ref. aPolitical science - Handbooks, manuals, etc. aPolicy sciences aWorld politics aPolitical science - Philosophy aGreenstein, Fred I. aPolsby, Nelson W.